[Event "Sommerskak"]
[Site "Copenhagen"]
[Date "1995.??.??"]
[Round "4"]
[White "Hansen, Mads Smith"]
[Black "Libeau, Rene"]
[Result "0-1"]
[WhiteElo "2365"]
[BlackElo "2460"]

1.d4 Nf6 2.Bg5 e6 3.e4 h6 4.Bxf6 Qxf6 5.Nf3 d6 6.Nc3 Nc6 7.Bb5 a6 8.Bxc6+ bxc6
9.O-O Be7 10.Re1 Rb8 11.b3 O-O 12.Qd2 Bb7 13.Rad1 Rfd8 14.Na4 g5 15.h3 Qg6
16.c4 g4 17.hxg4 Qxg4 18.Qd3 c5 19.d5 Kh8 20.g3 Qh3 21.Nh2 Rg8 22.Qf3 Rbf8
23.Nc3 e5 24.Qg2 Qh5 25.Nf1 Bg5 26.Ne3 Bxe3 27.Rxe3 Bc8 28.Qh2 Qg6 29.Kg2 f5
30.exf5 Rxf5 31.Rh1 Kg7 32.Ne4 Rgf8 33.Kg1 R5f7 34.Qg2 Bg4 35.Rh4 Bf3 36.Qh3 h5
37.Rxf3 Rxf3 38.Rxh5 Qxe4 39.Rg5+ Kf6 40.Qh6+ Ke7  0-1

[Event "Copenhagen op17"]
[Site "Copenhagen"]
[Date "1995.??.??"]
[Round "6"]
[White "Fries Nielsen, Jens Ove"]
[Black "Greger, Roland"]
[Result "1-0"]
[WhiteElo "2420"]
[BlackElo "2275"]

1.d4 Nf6 2.Bg5 e6 3.e4 h6 4.Bxf6 Qxf6 5.Nf3 d6 6.Nc3 Nc6 7.Bb5 Bd7 8.O-O g5
9.e5 Qg6 10.exd6 Bxd6 11.d5 exd5 12.Re1+ Be6 13.Ne5 Bxe5 14.Rxe5 Qf6 15.Bxc6+ bxc6
16.Qd4 O-O 17.Rae1 Rab8 18.b3 a5 19.a3 Bf5 20.h4 Rbe8 21.hxg5 hxg5 22.f4 Re6
23.g4 Bxc2 24.fxg5 Qg7 25.Qf4 Rfe8 26.Rxe6 fxe6 27.Ne2 c5 28.Qe3 d4 29.Qd2 d3
30.Ng3 Qd4+ 31.Kg2 Qxg4 32.g6 Qxg6 33.Re5 Kf7 34.Rg5 Qh6 35.Rf5+ Kg7 36.Rf7+ Kxf7
37.Qxh6 Rd8 38.Qh7+ Ke8 39.Qh8+ Kd7 40.Qc3 Kc6 41.Ne4 Rd5 42.Qxa5 Rf5 43.Qa6+ Kd5
44.Qc4+ Ke5 45.Nxc5 Rg5+ 46.Kf2 Rf5+ 47.Ke3  1-0

[Event "ESP-chT"]
[Site "Cordoba"]
[Date "1995.??.??"]
[Round "4"]
[White "Bellon Lopez, Juan Manuel"]
[Black "Rodriguez Talavera, Juan Carlos"]
[Result "0-1"]
[WhiteElo "2480"]
[BlackElo "2420"]

1.d4 Nf6 2.Bg5 e6 3.Nf3 h6 4.Bxf6 Qxf6 5.e4 d6 6.Nc3 Nd7 7.Qd2 c6 8.O-O-O e5
9.dxe5 Nxe5 10.Nxe5 Qxe5 11.f4 Qa5 12.Kb1 Be7 13.Be2 b5 14.Bf3 b4 15.Ne2 Be6
16.Nc1 Rb8 17.Nb3 Qc7 18.Nd4 Bd7 19.g4 a5 20.Rhe1 O-O 21.Nf5 Bxf5 22.gxf5 Rfd8
23.Qe2 Bh4 24.Rg1 Bf6 25.Rg3 Kf8 26.Rdg1 Rb7 27.Qg2 Qb6 28.Rxg7 Qd4 29.e5 dxe5
30.Rh7 e4 31.Qg8+ Ke7 32.Rxf7+ Kd6 33.Rxf6+ Qxf6 34.Qc4 exf3 35.Rg6 Kc7 36.a4 Qd4
37.Rxc6+ Kb8  0-1

[Event "CZE-chT1a"]
[Site "?"]
[Date "1995.??.??"]
[Round "?"]
[White "Vacek, Martin"]
[Black "Suran, Jan"]
[Result "0-1"]
[WhiteElo "2210"]
[BlackElo "2215"]

1.d4 Nf6 2.Bg5 e6 3.e4 h6 4.Bxf6 Qxf6 5.Nf3 d6 6.Nc3 g6 7.Qd2 Bg7 8.e5 Qe7
9.O-O-O O-O 10.Bd3 Nc6 11.Rhe1 b6 12.h4 Bb7 13.Ne4 dxe5 14.dxe5 Nb4 15.h5 g5
16.a3 Nxd3+ 17.cxd3 Rad8 18.Qc3 Bxe4 19.Rxe4 Rd5 20.Kb1 Rfd8 21.d4 c5 22.Rde1 Qd7
23.dxc5 Rxc5 24.Rc4 Rdc8 25.Rxc5 Rxc5 26.Qb3 Qc7 27.Qa4 Bxe5 28.Nxe5 Rxe5
29.Rc1 Rc5 30.Rd1 Qf4 31.Qxa7 Qxf2 32.Qa8+ Kg7 33.Ka1 Rb5 34.Rb1 Rd5 35.Qa7 Rf5
36.Qc7 Qd4 37.g3 Rf3 38.Ka2 b5 39.Qc6 Qd3 40.g4 Rf4 41.Qc3+ Qd4 42.Rg1 Kf6
43.Qxd4+ Rxd4 44.Kb3 Ke5 45.Kc3 f5  0-1

[Event "CZE-chT2a 9596"]
[Site "CZE"]
[Date "1995.??.??"]
[Round "?"]
[White "Kourek, Josef"]
[Black "Bores, Roman"]
[Result "1-0"]
[WhiteElo "2280"]
[BlackElo "2295"]

1.d4 Nf6 2.Bg5 e6 3.Nd2 h6 4.Bh4 Nc6 5.e3 b6 6.Ngf3 Bb7 7.c3 Be7 8.Bd3 d6
9.Qe2 g5 10.Bg3 Nh5 11.O-O-O Bf6 12.e4 g4 13.Ne1 Rg8 14.d5 Nxg3 15.hxg3 Ne5
16.Bb5+ Ke7 17.dxe6 fxe6 18.Rxh6 Rh8 19.Rxh8 Qxh8 20.Nd3 Rg8 21.Nxe5 Bxe5
22.Qc4 c5 23.Qd3 Qh6 24.Kc2 Rf8 25.Nc4 Rxf2+ 26.Kb1 Qh7 27.Nxd6 Kf6 28.Nxb7 Qxb7
29.Qe3 Bxg3 30.Qh6+ Ke5 31.Qg5+ Kxe4 32.Re1+  1-0

[Event "Nord Cup 1st"]
[Site "Duesseldorf"]
[Date "1995.??.??"]
[Round "4"]
[White "Henrichs, Thomas"]
[Black "Kitte, Sebastian"]
[Result "1-0"]
[WhiteElo "2305"]
[BlackElo "2220"]

1.d4 Nf6 2.Bg5 e6 3.Nf3 h6 4.Bh4 g5 5.Bg3 Ne4 6.Nbd2 Nxg3 7.hxg3 Bg7 8.c3 d6
9.e4 Nc6 10.Qb3 Bd7 11.Qxb7 Rb8 12.Qa6 Rxb2 13.Nb3 g4 14.Nfd2 Qg5 15.O-O-O Rxb3
16.axb3 O-O 17.Bd3 Rb8 18.Bc2 Rb5 19.f4 gxf3 20.gxf3 Bxd4 21.cxd4 Nxd4 22.Kb1 Qe3
23.Nc4 Rxb3+ 24.Bxb3 Qxb3+ 25.Nb2 Qc2+ 26.Ka1 Nb3+ 27.Ka2 Nc5 28.Qc4 Qg2
29.Rxh6 Ba4 30.Qb4  1-0

[Event "Elenite"]
[Site "Elenite"]
[Date "1995.??.??"]
[Round "2"]
[White "Miladinovic, Igor"]
[Black "Dolmatov, Sergey"]
[Result "1-0"]
[WhiteElo "2555"]
[BlackElo "2615"]

1.d4 Nf6 2.Bg5 e6 3.Nf3 h6 4.Bh4 c5 5.e3 cxd4 6.exd4 Be7 7.Bd3 b6 8.O-O Bb7
9.Nbd2 d6 10.Bxf6 Bxf6 11.a4 O-O 12.c3 a5 13.Re1 Nd7 14.Ne4 Be7 15.Bb1 Re8
16.Ng3 Nf6 17.Qd3 Bf8 18.h4 g6 19.h5 g5 20.Ba2 Bg7 21.c4 d5 22.Ne5 Qd6 23.Rac1 dxc4
24.Bxc4 Rad8 25.Nxf7 Kxf7 26.Qg6+ Kf8 27.Nf5 Qd7 28.Bb5 exf5 29.Rxe8+ Nxe8
30.Bxd7 Rxd7 31.Qxb6 f4 32.Qxa5 f3 33.gxf3 Bf6 34.Re1 Ng7 35.Qb5 Rf7 36.d5 Nxh5
37.Re6 Kg7 38.a5 Nf4 39.Rd6 Bc8 40.a6 Be5 41.Re6 Bd4 42.Qc4 Bxe6 43.dxe6 Nxe6
44.Qxe6 Ba7 45.Kg2 Rf6 46.Qe7+ Rf7 47.Qe5+ Kg6 48.b4 h5 49.b5 h4 50.Qe6+ Rf6
51.Qg8+ Kh6  1-0

[Event "RUS-ch"]
[Site "Elista"]
[Date "1995.??.??"]
[Round "6"]
[White "Rustemov, Alexander"]
[Black "Sokolov, Andrei"]
[Result "1/2-1/2"]
[WhiteElo "2475"]
[BlackElo "2585"]

1.d4 Nf6 2.Bg5 e6 3.e4 h6 4.Bxf6 Qxf6 5.Nf3 Nc6 6.g3 e5 7.d5 Nd4 8.Nxd4 exd4
9.Nd2 g6 10.f4 Bg7 11.Bh3 Qb6 12.Rb1 O-O 13.O-O d6 14.Bxc8 d3+ 15.Kg2 dxc2
16.Qxc2 Raxc8 17.Nc4 Qb5 18.a4 Qd7 19.Rbd1 Rfe8 20.Rfe1 c6 21.b3 Bf8 22.Qd3 cxd5
23.Qxd5 Qc6 24.Qxc6 Rxc6 25.Kf3 Rb8 26.Rd5 a6 27.a5 Rbc8 28.Red1 Rc5 29.R1d4 R8c6
30.Ke3 Be7 31.Kd3 Kf8 32.Rxc5 Rxc5 33.b4 Rc6 34.Rd5 Ke8 35.b5 axb5 36.Rxb5 Rc7
37.Nb6 Rc1 38.Nd5 Bd8 39.Ne3 Rc5 40.Rxb7 Rxa5 41.Nc4 Ra6 42.Kd4 Rc6 43.Rb8 Ke7
44.Ne3 Ra6 45.Rb7+ Kf8 46.Nc4 Be7 47.Kd5 Ra1 48.Rb8+ Kg7 49.Re8 Rd1+ 50.Kc6 Rc1
51.Kb5 Rb1+ 52.Ka5 Ra1+ 53.Kb6 Rb1+ 54.Kc6 Rc1 55.Kb5 Rb1+ 56.Kc6  1/2-1/2

[Event "St Peter's De Beauvoir"]
[Site "ENG"]
[Date "1995.??.??"]
[Round "?"]
[White "Dunworth, Christopher"]
[Black "Dive, Russell John"]
[Result "1-0"]
[WhiteElo "2325"]
[BlackElo "2295"]

1.d4 Nf6 2.Bg5 e6 3.e4 h6 4.Bxf6 Qxf6 5.Qd2 b6 6.g3 e5 7.dxe5 Qxe5 8.Nc3 Bb4
9.Nge2 Ba6 10.f4 Qa5 11.Bg2 Bxe2 12.Kxe2 Bxc3 13.Qxc3 Qxc3 14.bxc3 Na6 15.e5 O-O-O
16.a4 f6 17.c4 fxe5 18.a5 Nb8 19.axb6 axb6 20.Ra8 exf4 21.Rha1 c6 22.R1a6 Kc7
23.R8a7+ Kd6 24.Rxb6 fxg3 25.hxg3 Kc5 26.Rb3 Kxc4 27.Ra5 Rhf8 28.Bf3 d5 29.Kd2 Rd6
30.Be2+ Kd4 31.Re3 Rf2 32.c3+  1-0

[Event "Catalunya-chT"]
[Site "ESP"]
[Date "1995.??.??"]
[Round "?"]
[White "Granados Gomez, Manuel"]
[Black "Collado Galarza, Jose"]
[Result "0-1"]
[WhiteElo "2400"]
[BlackElo "2270"]

1.d4 Nf6 2.Bg5 e6 3.Nf3 h6 4.Bh4 c5 5.e3 Be7 6.Nbd2 b6 7.Bd3 Bb7 8.O-O Nc6
9.c3 g5 10.Bg3 Nh5 11.Ne5 Nxg3 12.Nxc6 Bxc6 13.hxg3 h5 14.e4 Qc7 15.Qe2 O-O-O
16.d5 Bb7 17.Ba6 g4 18.a4 h4 19.gxh4 g3 20.h5 Rdg8 21.Bxb7+ Kxb7 22.a5 c4
23.axb6 axb6 24.Nxc4 Bc5 25.Ne3 Qf4 26.d6 gxf2+ 27.Rxf2 Qxe3 28.Qa6+ Kc6
29.Rf1 Qxe4  0-1

[Event "Catalunya-chT"]
[Site "ESP"]
[Date "1995.??.??"]
[Round "?"]
[White "Vehi Bach, Victor Manuel"]
[Black "Collado Galarza, Jose"]
[Result "1-0"]
[WhiteElo "2430"]
[BlackElo "2270"]

1.d4 Nf6 2.Bg5 e6 3.e4 h6 4.Bxf6 Qxf6 5.Nc3 d6 6.Qd2 Nd7 7.O-O-O a6 8.f4 b5
9.e5 Qd8 10.Nf3 Bb7 11.d5 dxe5 12.dxe6 fxe6 13.Bd3 Bd6 14.Bg6+ Ke7 15.fxe5 Nxe5
16.Nxe5 Bxe5 17.Qf2 Qf8 18.Qc5+ Kf6 19.Rhf1+ Kxg6 20.Rxf8 Bd6 21.Rxd6 cxd6
22.Rxa8  1-0

[Event "Gausdal Masters"]
[Site "Gausdal"]
[Date "1995.??.??"]
[Round "?"]
[White "Gausel, Einar"]
[Black "Djurhuus, Rune"]
[Result "1-0"]
[WhiteElo "2490"]
[BlackElo "2495"]

1.d4 Nf6 2.Bg5 e6 3.Nd2 d5 4.e3 Be7 5.c3 c5 6.Ngf3 Nc6 7.Bd3 a6 8.O-O h6
9.Bh4 b5 10.dxc5 Bxc5 11.b4 Be7 12.a4 bxa4 13.Qxa4 Bb7 14.Ne5 Qc8 15.Ndf3 O-O
16.Rfc1 Qc7 17.Bg3 Nxe5 18.Bxe5 Bd6 19.Bxf6 gxf6 20.c4 Rfc8 21.c5 Bf8 22.Nd4 Rab8
23.Qd1 Re8 24.Rcb1 Bc8 25.Bxa6 e5 26.Nb5 Qd7 27.Bxc8 Rexc8 28.Nc3 Rd8 29.Na4 d4
30.e4 f5 31.Nb6 Qe6 32.f3 fxe4 33.fxe4 f5 34.exf5 Qxf5 35.Qb3+ Kh8 36.Rf1 Qg6
37.Ra7 d3 38.Nd7 Rxd7 39.Rxd7 Bxc5+ 40.Kh1 Rg8 41.Qd5 Bd4 42.Rd8 d2 43.b5  1-0

[Event "Arnold Cup"]
[Site "Gausdal"]
[Date "1995.??.??"]
[Round "2"]
[White "Rausis, Igors"]
[Black "Storland, Knut H"]
[Result "1-0"]
[WhiteElo "2495"]
[BlackElo "2215"]

1.d4 Nf6 2.Bg5 e6 3.Nd2 h6 4.Bh4 d5 5.e3 Be7 6.Bd3 O-O 7.f4 c5 8.c3 b6 9.Ngf3 Ba6
10.Bxa6 Nxa6 11.O-O Nd7 12.Bxe7 Qxe7 13.Ne5 Nab8 14.Rf3 Nxe5 15.fxe5 Nd7
16.Qa4 f6 17.exf6 Nxf6 18.Raf1 e5 19.h3 Rfe8 20.Qc2 e4 21.Rf5 Qd7 22.Nb3 c4
23.Nc1 Rf8 24.Qd1 Qd6 25.Ne2 b5 26.Nf4 Kh7 27.Qe1 Qd7 28.Nxd5 Qxd5 29.Rxd5 Nxd5
30.Qg3 Rae8 31.Rxf8 Rxf8 32.Qd6  1-0

[Event "Geneve op"]
[Site "Geneve"]
[Date "1995.??.??"]
[Round "1"]
[White "Lukasiewicz, Grzegorz"]
[Black "Meyer, Holger"]
[Result "1/2-1/2"]
[WhiteElo "2355"]
[BlackElo "2330"]

1.d4 Nf6 2.Bg5 e6 3.e4 h6 4.Bxf6 Qxf6 5.Nc3 b6 6.Qd2 Bb7 7.O-O-O g6 8.f4 d6
9.Nf3 Nd7 10.e5 Qe7 11.Bd3 Bxf3 12.gxf3 d5 13.h4 h5 14.Kb1 c6 15.Ne2 Bh6
16.c4 O-O 17.Qc2 Kh7 18.f5 exf5 19.Bxf5 dxc4 20.Be4 Rac8 21.f4 c5 22.d5 b5
23.Rdg1 Rg8 24.Bf3 Kh8 25.Qe4 Rce8 26.Rd1 f6 27.e6 Qd6 28.Rhg1 f5 29.Qe3 Kh7
30.Qc3 Nb6 31.Qc2 Rgf8 32.Rdf1 a5 33.Nc3 b4 34.Nb5 Qe7 35.d6 Qxe6 36.Nc7 Qxd6
37.Nxe8 Rxe8 38.Bxh5 Re6 39.Bd1 Nd5 40.Rf3 c3 41.h5 Ne3 42.hxg6+ Kg7 43.Rxe3 Rxe3
44.Qxf5 Qe7  1/2-1/2

[Event "Geneve op"]
[Site "Geneve"]
[Date "1995.??.??"]
[Round "5"]
[White "Allegro, Valery"]
[Black "Meyer, Holger"]
[Result "1-0"]
[WhiteElo "2255"]
[BlackElo "2330"]

1.d4 Nf6 2.Bg5 e6 3.e4 h6 4.Bxf6 Qxf6 5.Nf3 b6 6.Bd3 Bb7 7.O-O d6 8.Re1 Nd7
9.c4 c5 10.d5 e5 11.Bc2 g6 12.Ba4 Qe7 13.Nc3 Bg7 14.Bc6 Bxc6 15.dxc6 Nf6
16.Nd5 Nxd5 17.cxd5 O-O 18.a3 f5 19.Nd2 Qh4 20.Qe2 h5 21.b4 Bh6 22.bxc5 bxc5
23.Nc4 fxe4 24.Rab1 e3 25.fxe3 Qe4 26.Red1 Rab8 27.Rxb8 Rxb8 28.Nxd6 Bxe3+
29.Kh1 Qb1 30.c7 Rb2 31.c8=Q+ Kg7 32.Qd7+ Kh8 33.Qe8+  1-0

[Event "Oberliga Nord W9596"]
[Site "Germany"]
[Date "1995.??.??"]
[Round "?"]
[White "Diedrichsen, Detlev"]
[Black "Von Alvensleben, Wolfram"]
[Result "1/2-1/2"]
[WhiteElo "2175"]
[BlackElo "2235"]

1.d4 Nf6 2.Bg5 e6 3.e4 h6 4.Bxf6 Qxf6 5.Nf3 d6 6.Nc3 g6 7.Qd2 Bg7 8.O-O-O O-O
9.h4 Nd7 10.Rh3 e5 11.Rg3 exd4 12.Nd5 Qd8 13.Nxd4 Nc5 14.Re3 Re8 15.h5 Rxe4
16.Rxe4 Nxe4 17.Qe3 Nf6 18.Ne7+ Kf8 19.Nxc8 gxh5 20.Nxd6 Qxd6 21.Nf5 Qe6
22.Qc5+ Kg8 23.Bc4 b6 24.Nxg7 Kxg7 25.Qxc7 Rc8 26.Qg3+ Qg4 27.Rd4 Qxg3 28.fxg3 Rc5
29.Be2 Rg5 30.Bf3 Rxg3 31.Ra4 a5 32.b4 axb4 33.Rxb4 Nd7 34.a4 Rg5 35.Bc6 Ne5
36.Bb7 Nd7 37.Kd2 Rc5 38.Kd3 Kg6 39.Kd4 f5 40.Rxb6+ Kg5 41.Rb5 Rxc2 42.Rxf5+ Kg4
43.Bf3+ Kg3 44.Rxh5 Rd2+ 45.Kc3 Rd6 46.Rd5 Rxd5 47.Bxd5 Nb6 48.Bc6  1/2-1/2

[Event "BL2-O9495"]
[Site "Germany"]
[Date "1995.??.??"]
[Round "?"]
[White "Lorenz, Gerd"]
[Black "Laux, Tino"]
[Result "1-0"]
[WhiteElo "2235"]
[BlackElo "2350"]

1.d4 Nf6 2.Bg5 e6 3.Nd2 c5 4.e3 d5 5.Ngf3 Nc6 6.c3 Be7 7.Bd3 c4 8.Bc2 b5
9.O-O Bb7 10.Qe2 O-O 11.Ne5 Nxe5 12.dxe5 Nd7 13.Bxe7 Qxe7 14.f4 h6 15.Nf3 a5
16.Nd4 Qc5 17.Rf3 b4 18.Rg3 Kh8 19.Qh5 Qe7 20.Rf1 f5 21.Rg6 Nc5 22.g4 fxg4
23.f5 exf5 24.Nxf5 Rxf5 25.Rxf5 Ne6 26.Rf7 Qxf7 27.Rxh6+ gxh6 28.Qxf7 Ng5
29.Qf6+ Kg8 30.Qg6+  1-0

[Event "BL9596 (Women)"]
[Site "Germany"]
[Date "1995.??.??"]
[Round "?"]
[White "Heinatz, Gundula"]
[Black "Fichtner, Kathrin"]
[Result "1/2-1/2"]
[WhiteElo "2200"]
[BlackElo "2140"]

1.d4 Nf6 2.Bg5 e6 3.Nf3 d5 4.e3 Be7 5.c4 O-O 6.Nc3 b6 7.cxd5 Nxd5 8.Bxe7 Qxe7
9.Bd3 Nxc3 10.bxc3 Bb7 11.O-O Nd7 12.e4 Rfd8 13.Re1 c5 14.d5 exd5 15.exd5 Qd6
16.c4 h6 17.a4 Re8 18.Ra2 a6 19.Rae2 Rxe2 20.Qxe2 b5 21.Qe7 Qxe7 22.Rxe7 Rd8
23.Bf5 Bc8 24.axb5 Kf8 25.d6 axb5 26.cxb5 Nb6 27.Bxc8 Nxc8 28.Rc7 Nxd6 29.Rxc5 Nxb5
30.g3 Nd4  1/2-1/2

[Event "Oberliga Nord O9495"]
[Site "Germany"]
[Date "1995.??.??"]
[Round "?"]
[White "Mihok, Laszlo"]
[Black "Chekhov, Valery A"]
[Result "0-1"]
[WhiteElo "2270"]
[BlackElo "2490"]

1.d4 Nf6 2.Bg5 e6 3.e3 h6 4.Bh4 c5 5.c3 b6 6.Nd2 Bb7 7.Ngf3 Be7 8.Bd3 d6
9.Bb5+ Kf8 10.h3 g6 11.Qe2 Kg7 12.e4 a6 13.Bd3 cxd4 14.cxd4 Nbd7 15.O-O Nh5
16.Bxe7 Qxe7 17.g3 Rhc8 18.Rac1 e5 19.Rxc8 Bxc8 20.Rc1 exd4 21.Nxd4 Ne5 22.Nc6 Qc7
23.b4 Nxc6 24.b5 axb5 25.Bxb5 Bd7 26.Qc4 Rc8 27.Ba4 Re8 28.Bb5 Re5 29.Nb3 Rc5
30.Nxc5 dxc5 31.Qc3+ Nf6 32.Bf1 Qd6 33.Re1 Qe5 34.Qxe5 Nxe5 35.Rb1 Nxe4 36.Rxb6 c4
37.Rb4 c3 38.Rb1 Ba4 39.f4 c2 40.Rc1 Nc3 41.a3 Na2 42.Rxc2 Bxc2 43.fxe5 Nc3
44.Kf2 Nb1 45.a4 Bxa4 46.Bd3 Nc3 47.Ke3 Nd5+ 48.Kd4 Nc7 49.h4 Bd1 50.Kc5 Kf8
51.Kd6 Ne8+ 52.Kd7 Bg4+ 53.Kd8 Kg7  0-1

[Event "Oberliga Nord O9495"]
[Site "Germany"]
[Date "1995.??.??"]
[Round "?"]
[White "Mihok, Laszlo"]
[Black "Von Herman, Ulf"]
[Result "0-1"]
[WhiteElo "2270"]
[BlackElo "2290"]

1.d4 Nf6 2.Bg5 e6 3.e4 h6 4.Bxf6 Qxf6 5.Nf3 d6 6.Bd3 Nc6 7.c3 g6 8.Qe2 Bg7
9.Na3 O-O 10.O-O e5 11.d5 Nd8 12.h3 Qe7 13.Nh2 c6 14.c4 f5 15.Rab1 Nf7 16.f3 Ng5
17.b4 Nh7 18.b5 c5 19.exf5 gxf5 20.Nc2 Nf6 21.Rfe1 Nh5 22.Qd2 Bf6 23.Ne3 Bh4
24.Red1 Qg5 25.Nhf1 Rf7 26.Qc2 Bd7 27.Kh2 Kh8 28.Rd2 Rg8 29.Rb2 Nf4 30.Qb1 Nxh3  0-1

[Event "Landesliga S9596 Bayern"]
[Site "Germany"]
[Date "1995.??.??"]
[Round "?"]
[White "Hahn, Christoph"]
[Black "Gayer, Michael"]
[Result "1-0"]
[WhiteElo "2100"]
[BlackElo "2060"]

1.d4 Nf6 2.Bg5 e6 3.e3 d5 4.Nd2 Be7 5.Bd3 b6 6.c3 Bb7 7.f4 Nbd7 8.Ngf3 c5
9.O-O O-O 10.Ne5 Ne4 11.Bxe7 Qxe7 12.Rf3 f6 13.Nxd7 Qxd7 14.Rh3 f5 15.Nf3 Rae8
16.Ne5 Qe7 17.Bxe4 dxe4 18.Qh5 g6 19.Rg3 Rf6 20.h4 Qg7 21.Qg5 h6 22.Qxf6 Qxf6
23.Rxg6+ Qxg6 24.Nxg6 cxd4 25.exd4 Kf7 26.Ne5+ Kf6 27.Kf2 Rg8 28.Rg1 h5 29.c4 Ke7
30.c5 bxc5 31.dxc5 Bd5 32.b4 Rb8 33.a3 a5 34.Rb1 axb4 35.axb4 Ra8 36.Rb2 Ra3
37.b5 Kd8 38.b6 Kc8 39.c6 Rc3 40.b7+  1-0

[Event "BL2-W9495"]
[Site "Germany"]
[Date "1995.??.??"]
[Round "?"]
[White "Kinsman, Andrew PH"]
[Black "Pichler, Juergen"]
[Result "1-0"]
[WhiteElo "2375"]
[BlackElo "2410"]

1.d4 Nf6 2.Bg5 e6 3.e4 h6 4.Bxf6 Qxf6 5.Nc3 d6 6.Qd2 Qd8 7.O-O-O Be7 8.f4 Nd7
9.Nf3 O-O 10.Kb1 c5 11.d5 Nf6 12.dxe6 Bxe6 13.Rg1 Rb8 14.f5 Bd7 15.g4 Nh7
16.h4 Bxh4 17.Qxd6 Bf2 18.Rg2 Bd4 19.Nxd4 cxd4 20.Rxd4 Bc6 21.Qxd8 Rbxd8
22.Rgd2 Rxd4 23.Rxd4 Re8 24.Bg2 Nf6 25.b4 Re5 26.Bf3 Kf8 27.a4 a6 28.a5 g6
29.fxg6 fxg6 30.Nd5 Nd7 31.Kc1 Re6 32.c4 Ne5 33.Be2 Bd7 34.b5 axb5 35.cxb5 Rd6
36.a6 bxa6 37.bxa6  1-0

[Event "Landesliga N9495 Bayern"]
[Site "Germany"]
[Date "1995.??.??"]
[Round "4"]
[White "Guentner, Peter"]
[Black "Muenster, Manfred"]
[Result "1-0"]
[WhiteElo "2095"]
[BlackElo "1990"]

1.d4 Nf6 2.Bg5 e6 3.e3 d5 4.f4 Be7 5.Bd3 c5 6.c3 c4 7.Bc2 b6 8.Nd2 Bb7 9.Ngf3 O-O
10.Ne5 Nbd7 11.Qf3 Rb8 12.g4 h6 13.Bxf6 Bxf6 14.O-O-O Nxe5 15.fxe5 Bg5 16.Rdf1 Rc8
17.Qe2 b5 18.Nf3 Be7 19.h4 Qa5 20.Bb1 Qa4 21.g5 b4 22.cxb4 c3 23.b3 Qa3+
24.Kd1 g6 25.h5 Bxb4 26.hxg6 c2+ 27.Bxc2 Ba6 28.Qh2 Bd3 29.Qxh6 Be2+ 30.Kxe2 Rxc2+
31.Nd2 Rxd2+ 32.Kf3 fxg6+ 33.Kg3 Rg2+ 34.Kxg2 Qxa2+ 35.Kg1 Rxf1+ 36.Kxf1 Qb1+
37.Kg2 Qe4+ 38.Kf2 Qf5+ 39.Kg3  1-0

[Event "Landesliga S9495 Bayern"]
[Site "Germany"]
[Date "1995.??.??"]
[Round "8"]
[White "Hahn, Christoph"]
[Black "Waibel, Gerhard"]
[Result "1-0"]
[WhiteElo "2085"]
[BlackElo "1955"]

1.d4 Nf6 2.Bg5 e6 3.c3 Be7 4.Nd2 d5 5.e3 Nbd7 6.Ngf3 O-O 7.Bd3 c5 8.Ne5 Nxe5
9.dxe5 Nd7 10.Bxe7 Qxe7 11.f4 f6 12.Qh5 g6 13.Qh4 Qd8 14.Qh3 Qe7 15.Nf3 fxe5
16.fxe5 d4 17.c4 b5 18.exd4 cxd4 19.O-O Nc5 20.Nxd4 Bb7 21.Be2 bxc4 22.Bxc4 Bd5
23.Bxd5 exd5 24.Rfe1 Ne4 25.Qe6+ Qxe6 26.Nxe6 Rf5 27.Nc7 Rd8 28.e6 Re5 29.Rad1 d4
30.Rd3 Kf8 31.b4 Ke7 32.Rf3 d3 33.Rf7+ Kd6 34.e7 Rxe7 35.Rxe7 d2 36.R7xe4 dxe1=Q+
37.Rxe1 Kxc7 38.Kf2 Kb6 39.a4 Rd4 40.Re6+ Kb7 41.Re7+ Kb6 42.a5+ Ka6 43.Rxh7 Rxb4
44.Rg7 Rb5 45.h4 Rxa5 46.Rxg6+ Kb7 47.g4 Ra3 48.h5 a5 49.h6 Rh3 50.Rg7+ Kb6
51.h7 a4 52.g5 a3 53.Rg6+  1-0

[Event "Mittelfranken-ch"]
[Site "Germany"]
[Date "1995.??.??"]
[Round "9"]
[White "Suess, Helmut"]
[Black "Walter, M."]
[Result "1/2-1/2"]
[WhiteElo "1985"]
[BlackElo "1930"]

1.d4 Nf6 2.Bg5 e6 3.c4 Be7 4.Nc3 d5 5.e3 O-O 6.Nf3 c6 7.Be2 Nbd7 8.O-O b6
9.Rc1 Ba6 10.b3 h6 11.Bh4 c5 12.cxd5 Bxe2 13.Qxe2 Nxd5 14.Bxe7 Nxc3 15.Rxc3 Qxe7
16.Rfc1 Rfd8 17.h3 e5 18.dxc5 Nxc5 19.b4  1/2-1/2

[Event "Goch op 6th"]
[Site "Goch"]
[Date "1995.??.??"]
[Round "5"]
[White "Rutz, Matthias"]
[Black "De Gleria, Francesco"]
[Result "0-1"]
[WhiteElo "1850"]
[BlackElo "2140"]

1.d4 Nf6 2.Bg5 e6 3.Nd2 h6 4.Bh4 d6 5.e4 Be7 6.c3 Nbd7 7.Bd3 O-O 8.Ngf3 b6
9.a4 a6 10.O-O Bb7 11.Ne1 e5 12.Bg3 Re8 13.Nc2 Bf8 14.Re1 g6 15.h3 Nh5 16.Bh2 Qf6
17.d5 c6 18.Nb4 c5 19.Nc2 Nf4 20.Bf1 Be7 21.g3 Nh5 22.Be2 Ng7 23.Bf1 h5 24.Qf3 Qg5
25.Qe3 f5 26.Qxg5 Bxg5 27.f4 Be7 28.c4 Bf6 29.Rab1 Re7 30.Bd3 Rae8 31.Kg2 h4
32.g4 fxg4 33.hxg4 exf4 34.Bxf4 Ne5 35.Be2 Nf7 36.Rf1 Bg5 37.Bxg5 Nxg5 38.Bd3 Bc8
39.Rf6 Rf7 40.Rbf1 Bxg4 41.Rxg6 Bh3+ 42.Kg1 Bxf1 43.Nxf1 Nxe4 44.Nfe3 Rf3
45.Bxe4 Rxe4 46.Rxd6 Nf5 47.Rf6 Rg3+ 48.Kf2 Nxe3  0-1

[Event "Vorarlberg-ch"]
[Site "Goetzis"]
[Date "1995.??.??"]
[Round "?"]
[White "Maier, Peter"]
[Black "Schmidlechner, Alexander"]
[Result "0-1"]
[WhiteElo "2045"]
[BlackElo "1975"]

1.d4 Nf6 2.Bg5 e6 3.e4 c5 4.e5 h6 5.Bh4 g5 6.Bg3 Ne4 7.Bd3 Nxg3 8.hxg3 cxd4
9.Nf3 Nc6 10.Nbd2 g4 11.Nh2 Nxe5 12.Qe2 Nxd3+ 13.Qxd3 f5 14.Qxd4 Rg8 15.Nc4 Qc7
16.O-O-O b5 17.Ne3 Bb7 18.Rhe1 O-O-O 19.Kb1 Bc5 20.Qd3 Be4 21.Qb3 Bc6 22.Nhf1 Kb7
23.c4 b4 24.Nc2 a5 25.Nd4 a4 26.Qd3 Be4 27.Rxe4 fxe4 28.Qxe4+ d5 29.cxd5 exd5
30.Qe2 Qb6 31.Ne6 Rde8 32.Nxc5+ Qxc5 33.Qd3 Rc8 34.Ne3 d4 35.Qxd4 Rgd8 36.Qxg4 Rxd1+
37.Qxd1 Qc6 38.Qd5 Qxd5 39.Nxd5 Rc4 40.Ne3 Re4 41.Kc2 Kb6 42.Kd3 Re8 43.Kc4 Ka5
44.g4 Rd8 45.Nd5 Rc8+ 46.Kd3 Rc1 47.f4 Rd1+ 48.Kc4 Rc1+ 49.Kd3 Rb1 50.Kc2 Rf1
51.f5 h5 52.gxh5 Rxf5 53.Ne3 Rxh5 54.Kd3 Kb5 55.Kd2 Rh1 56.Nd1 Rg1 57.Ne3 Ra1
58.g4 Rxa2 59.Kc2 a3 60.Nd1 Rxb2+ 61.Nxb2 a2  0-1

[Event "Wch U16"]
[Site "Guarapuava"]
[Date "1995.??.??"]
[Round "7"]
[White "Mah, Karl"]
[Black "Berescu, Alin"]
[Result "1/2-1/2"]
[WhiteElo "2200"]
[BlackElo "2260"]

1.d4 Nf6 2.Bg5 e6 3.e4 h6 4.Bxf6 Qxf6 5.Nc3 d6 6.Qd2 Nd7 7.f4 a6 8.Nf3 b5
9.e5 dxe5 10.fxe5 Qd8 11.Bd3 Bb7 12.Ne4 Be7 13.O-O-O c5 14.dxc5 Nxc5 15.Nxc5 Bxc5
16.Qe2 Qb6 17.Kb1 Rd8 18.Rhf1 O-O 19.Nd2 Be3 20.Rde1 Bxd2 21.Qxd2 Rd4 22.Qe3 Qd8
23.Rf2 Bd5 24.b3 Bc4 25.Be4 Rd1+ 26.Rxd1 Qxd1+ 27.Kb2 Bd5 28.Rd2 Qg4 29.Bxd5 exd5
30.Qd4 Qh5 31.Qxd5 Re8 32.g3  1/2-1/2

[Event "Wch U18"]
[Site "Guarapuava"]
[Date "1995.??.??"]
[Round "7"]
[White "Dumitrescu, Dragos"]
[Black "Gelashvili, Tamaz"]
[Result "1-0"]
[WhiteElo "2375"]
[BlackElo "2325"]

1.d4 Nf6 2.Bg5 e6 3.e4 h6 4.Bxf6 Qxf6 5.Nf3 d6 6.c3 Nd7 7.Nbd2 g5 8.Bd3 Bg7
9.O-O Qe7 10.Nc4 b6 11.a4 a6 12.Re1 Bb7 13.e5 d5 14.Ne3 c5 15.Bc2 Rc8 16.c4 g4
17.Nxg4 dxc4 18.Be4 Bxe4 19.Rxe4 cxd4 20.Qxd4 Qc5 21.Qc3 b5 22.axb5 axb5
23.Nd2 Ke7 24.Ree1 b4 25.Qg3 Qc7 26.Qh4+ Kf8 27.Nf6 Bxf6 28.exf6 Qd8 29.Ne4 Nb6
30.Ra7 Rc7 31.Ra5 Rd7 32.h3 Rd5 33.Rxd5 Nxd5 34.Ra1 c3 35.bxc3 bxc3 36.Qg3 Nxf6
37.Nxf6 c2 38.Qa3+ Qe7 39.Qc3 e5 40.Ne4 f5 41.Ng3  1-0

[Event "Haarlem op"]
[Site "Haarlem"]
[Date "1995.??.??"]
[Round "3"]
[White "Goes, Daniel"]
[Black "Happel, Hendrik A"]
[Result "1/2-1/2"]
[WhiteElo "2335"]
[BlackElo "2240"]

1.d4 Nf6 2.Bg5 e6 3.Nf3 Be7 4.Nbd2 d5 5.e3 Nbd7 6.Bd3 b6 7.c3 Bb7 8.Qc2 c5
9.O-O h6 10.Bh4 O-O 11.Rad1 Ne8 12.Bxe7 Qxe7 13.Ne5 Nxe5 14.dxe5 Nc7 15.b3 b5
16.Nf3 Rac8 17.Qb2 Rfd8 18.Bb1 Ne8 19.b4 a6 20.bxc5 Qxc5 21.Nd4 Qxc3 22.Qe2 Rc7
23.Qh5 Bc8 24.Rd3 Qc5 25.f4 Qe7 26.g4 f6 27.Rdd1 Qf7 28.Bg6 Qe7 29.h4 Rc3
30.Rf3 Kf8 31.Bb1 Qf7 32.Bg6 Qc7 33.Bb1 Rc1 34.Rff1 Rxd1 35.Rxd1 Qc3 36.Kf2 Bd7
37.Qg6 Rc8 38.f5 Qb2+ 39.Kg3 exf5 40.e6 f4+ 41.Kf3 Bxe6 42.Nxe6+ Ke7 43.Nxf4 Rc1
44.Qd3 Rxd1 45.Qxd1 Qh2 46.Bf5 Nc7 47.Qc1 Kd6 48.Qa3+ Kc6 49.Qc3+ Kd6 50.Qb4+ Kc6
51.Qc3+  1/2-1/2

[Event "Wichern op"]
[Site "Hamburg"]
[Date "1995.??.??"]
[Round "9"]
[White "Gustafsson, Jan"]
[Black "Kersten, Uwe"]
[Result "1/2-1/2"]
[WhiteElo "2205"]
[BlackElo "2320"]

1.d4 Nf6 2.Bg5 e6 3.Nf3 h6 4.Bh4 g5 5.Bg3 Ne4 6.Nbd2 Nxg3 7.hxg3 b6 8.c3 Bb7
9.e4 Qf6 10.Bd3 Nc6 11.Qe2 O-O-O 12.Nc4 Re8 13.Ne3 Bg7 14.O-O-O Kb8 15.Rh5 Qe7
16.Qc2 Qf8 17.Nh2  1/2-1/2

[Event "Hastings Masters"]
[Site "Hastings"]
[Date "1995.??.??"]
[Round "5"]
[White "Gunter, David WW"]
[Black "Britton, Richard"]
[Result "0-1"]
[WhiteElo "2130"]
[BlackElo "2320"]

1.d4 Nf6 2.Bg5 e6 3.e4 h6 4.Bxf6 Qxf6 5.Nc3 d6 6.Qd2 g5 7.O-O-O Bg7 8.Kb1 Nc6
9.Bb5 Bd7 10.e5 dxe5 11.d5 exd5 12.Nxd5 Qd6 13.Qc3 O-O 14.Ne2 Nd4 15.Qxc7 Qxc7
16.Nxc7 Rad8 17.Nxd4 exd4 18.Bxd7 Rxd7 19.Nb5 a6 20.Nc3 Re7 21.Nd5 Re2 22.h4 Rc8
23.Rc1 a5 24.hxg5 hxg5 25.Rh5 f6 26.Rh3 Rc5 27.Nb6 f5 28.Rh5 f4 29.Na4 Rb5
30.g3 f3 31.Rh2 Kf7 32.b3 Be5 33.Rch1 d3 34.c4 Rb4 35.Nc5 d2 36.Kc2 Rb6 37.Nd3 d1=Q+
38.Kxd1 Rd6 39.Rh7+ Kg8 40.Rxb7 Rxd3+ 41.Kc1 Rc3+ 42.Kd1 Rcc2  0-1